Tritaalaa Peskaar/ (Record no. 43328)

MARC details
000 -LEADER
fixed length control field 01110njm a22002657a 4500
005 - DATE AND TIME OF LATEST TRANSACTION
control field 2010090106596.0
006 - FIXED-LENGTH DATA ELEMENTS--ADDITIONAL MATERIAL CHARACTERISTICS--GENERAL INFORMATION
fixed length control field a|||||r|||||00| 0
007 - PHYSICAL DESCRIPTION FIXED FIELD--GENERAL INFORMATION
fixed length control field sd ammalaaahaa
008 - FIXED-LENGTH DATA ELEMENTS--GENERAL INFORMATION
fixed length control field 100830t xxu||||| |||| 00| 0 eng d
028 ## - PUBLISHER NUMBER
Publisher number N.15938
Source His Master's Voice
028 ## - PUBLISHER NUMBER
Publisher number OJW.834
035 ## - SYSTEM CONTROL NUMBER
System control number GR-148
040 ## - CATALOGING SOURCE
Original cataloging agency SED
Transcribing agency SED
100 ## - MAIN ENTRY--PERSONAL NAME
Personal name Thirkhawa, Khansahib Ahmedjan
9 (RLIN) 17693
245 ## - TITLE STATEMENT
Title Tritaalaa Peskaar/
Statement of responsibility, etc sung by Khansahib Ahmedjan Thirkhawa
Medium [sound recording] :
246 ## - VARYING FORM OF TITLE
Title proper/short title त्रिकाला पेशकार / सुंग बय खंसहिब अह्मेद्जन थिरखवा
260 ## - PUBLICATION, DISTRIBUTION, ETC. (IMPRINT)
Place of publication, distribution, etc Dum Dum , India
Name of publisher, distributor, etc His Master's Voice
300 ## - PHYSICAL DESCRIPTION
Extent 1 sound disc [Gramphone Recording] :
Other physical details analog, 33 1/3 rpm
Dimensions 9.5 in. (MP)
Type of unit Gramphones Records
500 ## - GENERAL NOTE
General note Brief Record
505 ## - FORMATTED CONTENTS NOTE
Formatted contents note Side 2 त्रिताला कायदा ( Tritaala Kayada) (Khansahib Ahmedjan Thirkhawa).
650 ## - SUBJECT ADDED ENTRY--TOPICAL TERM
General subdivision Excerpts
Geographic subdivision India
9 (RLIN) 17514
Topical term or geographic name as entry element Classical music
700 ## - ADDED ENTRY--PERSONAL NAME
9 (RLIN) 17515
942 ## - ADDED ENTRY ELEMENTS (KOHA)
Source of classification or shelving scheme Dewey Decimal Classification
Item type Gramaphone Records
Holdings
Withdrawn status Lost status Source of classification or shelving scheme Damaged status Not for loan Collection code Home library Current library Date acquired Source of acquisition Total Checkouts Barcode Date last seen Copy number Price effective from Koha item type
    Dewey Decimal Classification   Not For Loan Non-fiction Central Library Central Library 01/09/2010 SED/VEN   GR-148 01/09/2010 1 01/09/2010 Gramaphone Records

© Delhi Public Library
Hit Counter
free hit counter